000 00444nam a22001817a 4500
003 MPLRDC
005 20220104143421.0
008 210129b ||||| |||| 00| 0 eng d
020 _a9971-0-1002-X
082 _a411.3 CME
100 _a陈美娥
245 _a巧食妙煮话食疗: 常见食物
_c
250 _a初版
260 _a
_bSNP EDITIONS PTE LTD
_c1999
300 _b
650 _a营养与食品
942 _cBK
_o411.3 CME
999 _c39698
_d39688